THE BEDFORD GUIDE FOR COLLEGE WRITERS (Record no. 252096)
[ view plain ]
| 000 -LEADER | |
|---|---|
| fixed length control field | 00320nam a22001217a 4500 |
| 020 ## - INTERNATIONAL STANDARD BOOK NUMBER | |
| ISBN | 97814576310942 |
| 100 ## - MAIN ENTRY--AUTHOR NAME | |
| Personal name | KENNEDY X.J.,KENNEDY DOROTHY M.,MUTH MARCIA F. |
| 245 ## - TITLE STATEMENT | |
| Title | THE BEDFORD GUIDE FOR COLLEGE WRITERS |
| 250 ## - EDITION STATEMENT | |
| Edition statement | 10TH ED |
| 260 ## - PUBLICATION, DISTRIBUTION, ETC. (IMPRINT) | |
| Place of publication | USA |
| Name of publisher | BEDFORD/ST. MARTINS |
| Year of publication | 2014 |
| 300 ## - PHYSICAL DESCRIPTION | |
| Number of Pages | 874 |
| Other physical details | ILL |
| 942 ## - ADDED ENTRY ELEMENTS (KOHA) | |
| Koha item type | Long Loan Books |
No items available.
